[Event "Oceania zt"]
[Site "Cammeray"]
[Date "2015.07.05"]
[Round "2"]
[White "Steadman, Michael VR"]
[Black "Dutta, Rishi"]
[Result "1-0"]
[WhiteElo "2206"]
[BlackElo "1927"]
[PlyCount "61"]
[EventDate "2015.07.04"]
[EventType "swiss"]
[EventRounds "9"]
[EventCountry "AUS"]
[SourceTitle "CBM 167 Extra"]
[Source "ChessBase"]
[SourceDate "2015.09.14"]
[SourceVersion "1"]
[SourceVersionDate "2015.09.14"]
[SourceQuality "1"]

1. Nf3 Nf6 2. g3 g6 3. Bg2 Bg7 4. 0-0 0-0 5. d3 d6 6. c4 e5 7. Nc3 c6 8. c5 Na6 9. cxd6 Qxd6 10. a3 h6 11. b4 Be6 12. Qc2 Rad8 13. Rb1 Nd5 14. Ne4 Qe7 15. Bb2 f5 16. Ned2 Bc8 17. Nc4 e4 18. dxe4 Bxb2 19. exd5 Bf6 20. dxc6 bxc6 21. Na5 Rd6 22. Nxc6 Qe4 23. Rbc1 Bd7 24. Qxe4 fxe4 25. Nfe5 Bxc6 26. Nxc6 Bb2 27. Rc4 Bxa3 28. Ra1 Rd2 29. Rxe4 Nxb4 30. Nxb4 Bxb4 31. Rxb4 1-0

[Event "Doeberl Cup 53rd"]
[Site "Canberra"]
[Date "2015.04.02"]
[Round "1"]
[White "Zhai, Mo"]
[Black "Dutta, Rishi"]
[Result "1-0"]
[WhiteElo "2324"]
[BlackElo "1954"]
[PlyCount "107"]
[EventDate "2015.04.02"]
[EventType "swiss"]
[EventRounds "9"]
[EventCountry "AUS"]
[SourceTitle "EXT 2018"]
[Source "ChessBase"]
[SourceDate "2017.10.13"]
[SourceVersion "1"]
[SourceVersionDate "2017.10.13"]
[SourceQuality "1"]

1. d4 Nf6 2. c4 e5 3. dxe5 Ng4 4. Nf3 Bc5 5. e3 Nc6 6. Be2 Ngxe5 7. Nc3 d6 8. Nxe5 Nxe5 9. 0-0 0-0 10. Na4 Qe7 11. Nxc5 dxc5 12. Qc2 Rd8 13. b3 Bg4 14. f3 Bh5 15. Qc3 Bg6 16. Bb2 f6 17. e4 Nc6 18. Rad1 b6 19. Qe3 a5 20. Bd3 Rd7 21. Bb1 Rad8 22. Rxd7 Qxd7 23. Bc3 Nd4 24. Rf2 a4 25. Rd2 axb3 26. axb3 Bf7 27. Kf2 Be6 28. e5 f5 29. Qf4 g6 30. h4 Qe7 31. Bxd4 cxd4 32. Ke2 c5 33. Ra2 b5 34. Bd3 bxc4 35. bxc4 Rb8 36. Kf2 Rb4 37. Qh6 Qf8 38. Qg5 Rb7 39. Ra6 Qe7 40. Qxe7 Rxe7 41. Rc6 f4 42. g3 fxg3+ 43. Kxg3 Kf7 44. Rxc5 Ra7 45. Be4 Ra4 46. Rc7+ Kg8 47. c5 Ra3 48. Re7 Bf5 49. Bxf5 gxf5 50. c6 Kf8 51. c7 Rc3 52. Rxh7 d3 53. Kf2 Kg8 54. Rd7 1-0

[Event "AUS-ch U14"]
[Site "Wahroonga"]
[Date "2014.01.16"]
[Round "4"]
[White "Cooper, Linus"]
[Black "Dutta, Rishi"]
[Result "0-1"]
[WhiteElo "1745"]
[BlackElo "1885"]
[PlyCount "64"]
[EventDate "2014.01.11"]
[EventType "swiss"]
[EventRounds "9"]
[EventCountry "AUS"]
[SourceTitle "EXT 2020"]
[Source "ChessBase"]
[SourceDate "2019.10.17"]
[SourceVersion "1"]
[SourceVersionDate "2019.10.17"]
[SourceQuality "1"]

1. f4 d5 2. Nf3 Nf6 3. e3 c5 4. Bb5+ Bd7 5. Bxd7+ Nbxd7 6. b3 e6 7. Bb2 Bd6 8. d3 Qc7 9. Nbd2 0-0 10. Qe2 e5 11. fxe5 Nxe5 12. 0-0-0 Rac8 13. Rdg1 c4 14. Bxe5 cxd3 15. Qxd3 Bxe5 16. g4 Qc3 17. Nxe5 Qa1+ 18. Nb1 Qxe5 19. h4 Ne4 20. Qd4 Rfe8 21. Nd2 Nc3 22. Qxe5 Rxe5 23. Kb2 Rxe3 24. Re1 d4 25. Nc4 Na4+ 26. Ka3 Rxe1 27. Rxe1 Nc5 28. Kb4 d3 29. c3 d2 30. Rd1 Ne4 31. a4 Rd8 32. Ka3 Nxc3 0-1